Tribal communities and sustainable livelihoods: lessons from Bordi (Record no. 53816)

000 -LEADER
fixed length control field 00384pab a2200145 454500
008 - FIXED-LENGTH DATA ELEMENTS--GENERAL INFORMATION
fixed length control field 180718b2002 xxu||||| |||| 00| 0 eng d
100 ## - MAIN ENTRY--PERSONAL NAME
Personal name Bokil, Miland S.
245 ## - TITLE STATEMENT
Title Tribal communities and sustainable livelihoods: lessons from Bordi
260 ## - PUBLICATION, DISTRIBUTION, ETC.
Date of publication, distribution, etc. 2002
300 ## - PHYSICAL DESCRIPTION
Extent p.163-86.
362 ## - DATES OF PUBLICATION AND/OR SEQUENTIAL DESIGNATION
Dates of publication and/or sequential designation Apr-Jun
650 ## - SUBJECT ADDED ENTRY--TOPICAL TERM
Topical term or geographic name entry element Tribes
773 ## - HOST ITEM ENTRY
Main entry heading Journal of Rural Development
909 ## -
-- 53816
Holdings
Withdrawn status Lost status Damaged status Not for loan Permanent Location Current Location Date acquired Serial Enumeration / chronology Barcode Date last seen Price effective from Koha item type
        Indian Institute of Public Administration Indian Institute of Public Administration 2018-07-19 Volume no: 21, Issue no: 2 AR54261 2018-07-19 2018-07-19 Articles

Powered by Koha